000 00422nam a22001697a 4500
003 MACL
005 20160726142257.0
008 160726b xxu||||| |||| 00| 0 eng d
040 _cMACL
041 _aEnglish
082 _a150 JEM
100 _aJenkins, Joseph
_965360
245 _aThe Humanure Handbook
_cJoseph Jenkins
260 _aIndore
_bBanyan Tree
_c2015
650 _aPsychology
_965361
942 _2ddc
_cHIN
999 _c55013
_d55013